000 00883nab a2200265 u 4500
001 20831
003 HDC
007 cr bn ---aaaaa
008 210306c20100812xx dr|noo 0 a eng d
040 _aHDC
100 _a Kirk, Tristan
_eauthor
_918684
245 0 _aUK: Harrow Council to 'review' halal-meat menus / by
_cTristan Kirk
260 _a[No place] :
_b[publisher not identified],
_c2010
300 _a1 online resource
336 _atext
_2rdacontent
337 _acomputer
_2rdamedia
338 _aonline resource
_2rdacarrier
650 _aHalal-meat menus
_918685
650 _aschools meals
_918686
710 _aHarrow Times
856 _zRequest full-text at [email protected]
942 _2lcc
942 _cNEWS
942 _kNWSO 006459
999 _c18147
_d18147